| 000 | 01299nam a2200349 a 4500 | ||
|---|---|---|---|
| 001 | 000114395 | ||
| 003 | CHAP | ||
| 005 | 20220329144439.0 | ||
| 008 | 180118s2017 mx a fsm |||||||spa d | ||
| 010 | _a110856 | ||
| 011 | _a111828 | ||
| 040 | _cCHAP | ||
| 090 | _aTesis | ||
| 100 | 1 |
_aBenítez Andrade, Diana Laura _9134413 |
|
| 245 | 1 | 0 |
_aCaracterización de aislados de Rhizoctonia asociados con la pudrición basal de lechuga (Lactuca sativa) / _h[En línea] _cpor Diana Laura Benítez Andrade. |
| 260 |
_aChapingo, Méx. : _bEl autor, _c2017. |
||
| 500 | _aPara ver el contenido del material haga clic en la liga | ||
| 502 | _aTesis ( Agr. en Horticultura Protegida) -- UACH. Departamento de Fitotecnia | ||
| 590 |
_aBATCH _b00 _c20181121 _lUCH01 _h0759 |
||
| 590 |
_aE8697GMM _b05 _c20180118 _lUCH01 _h1410 |
||
| 590 |
_aE8697GMM _b05 _c20180118 _lUCH01 _h1413 |
||
| 590 |
_aE8697GMM _b05 _c20180118 _lUCH01 _h1436 |
||
| 650 | 1 | 4 |
_aLechuga _xCrecimiento. _965456 |
| 650 | 1 | 4 |
_aLechuga _xCultivo _zBrasil. _9134417 |
| 650 | 1 | 4 |
_aLechuga _xEnfermedades por hongos. _9134415 |
| 650 | 1 | 4 |
_aRhizoctonia _xFisiología y morfología. _9134416 |
| 856 |
_a1 _n0000911 |
||
| 856 |
_aFinding aid _uhttp://10.13.5.2/tesis/sist114395.pdf _zTeclea aquí |
||
| 901 | _aBK | ||
| 942 | _cTESIS | ||
| 942 | _n0 | ||
| 999 |
_c110856 _d110856 |
||